Raising the dead (Record no. 118447)
[ view plain ]
| 000 -LEADER | |
|---|---|
| fixed length control field | 01396cam a22003494a 4500 |
| 001 - CONTROL NUMBER | |
| control field | 6382223 |
| 003 - CONTROL NUMBER IDENTIFIER | |
| control field | ARRUPE |
| 005 - DATE AND TIME OF LATEST TRANSACTION | |
| control field | 20131023175420.0 |
| 006 - FIXED-LENGTH DATA ELEMENTS--ADDITIONAL MATERIAL CHARACTERISTICS--GENERAL INFORMATION | |
| fixed length control field | m u |
| 007 - PHYSICAL DESCRIPTION FIXED FIELD--GENERAL INFORMATION | |
| fixed length control field | cr cn||||||||| |
| 008 - FIXED-LENGTH DATA ELEMENTS--GENERAL INFORMATION | |
| fixed length control field | 010531s2002 enk sb 001 0 eng |
| 020 ## - INTERNATIONAL STANDARD BOOK NUMBER | |
| Cancelled/invalid ISBN | 0195132998 (alk. paper) |
| 035 ## - SYSTEM CONTROL NUMBER | |
| System control number | (CaPaEBR)ebr10086990 |
| 035 ## - SYSTEM CONTROL NUMBER | |
| System control number | (NNC)6382223 |
| 040 ## - CATALOGING SOURCE | |
| Original cataloging agency | CaPaEBR |
| Transcribing agency | CaPaEBR |
| 050 14 - LIBRARY OF CONGRESS CALL NUMBER | |
| Classification number | RD120.7 |
| Item number | .M86 2002eb |
| 082 04 - DEWEY DECIMAL CLASSIFICATION NUMBER | |
| Classification number | 174/.25 |
| Edition number | 21 |
| 300 ## - PHYSICAL DESCRIPTION | |
| Dimensions | 25 cm. |
| 100 1# - MAIN ENTRY--PERSONAL NAME | |
| Personal name | Munson, Ronald, |
| Dates associated with a name | 1939- |
| 9 (RLIN) | 2938 |
| 245 10 - TITLE STATEMENT | |
| Title | Raising the dead |
| Medium | [electronic resource] : |
| Remainder of title | organ transplants, ethics, and society / |
| Statement of responsibility, etc | Ronald Munson. |
| 260 ## - PUBLICATION, DISTRIBUTION, ETC. (IMPRINT) | |
| Place of publication, distribution, etc | Oxford [England] ; |
| -- | New York : |
| Name of publisher, distributor, etc | Oxford University Press, |
| Date of publication, distribution, etc | 2002. |
| 300 ## - PHYSICAL DESCRIPTION | |
| Extent | 288 p. ; |
| 504 ## - BIBLIOGRAPHY, ETC. NOTE | |
| Bibliography, etc | Includes bibliographical references (p. 267-280) and index. |
| 533 ## - REPRODUCTION NOTE | |
| Type of reproduction | Electronic reproduction. |
| Place of reproduction | Palo Alto, Calif. : |
| Agency responsible for reproduction | ebrary, |
| Date of reproduction | 2008. |
| Note about reproduction | Available via World Wide Web. |
| -- | Access may be limited to ebrary affiliated libraries. |
| 650 #0 - SUBJECT ADDED ENTRY--TOPICAL TERM | |
| Topical term or geographic name as entry element | Transplantation of organs, tissues, etc. |
| General subdivision | Moral and ethical aspects. |
| 9 (RLIN) | 2939 |
| 650 #0 - SUBJECT ADDED ENTRY--TOPICAL TERM | |
| Topical term or geographic name as entry element | Transplantation of organs, tissues, etc. |
| General subdivision | Social aspects. |
| 9 (RLIN) | 2940 |
| 650 #0 - SUBJECT ADDED ENTRY--TOPICAL TERM | |
| Topical term or geographic name as entry element | Medical ethics. |
| 9 (RLIN) | 2941 |
| 655 #7 - INDEX TERM--GENRE/FORM | |
| Genre/form data or focus term | Electronic books. |
| Source of term | local |
| 9 (RLIN) | 2942 |
| 710 2# - ADDED ENTRY--CORPORATE NAME | |
| Corporate name or jurisdiction name as entry element | ebrary, Inc. |
| 9 (RLIN) | 2943 |
| 856 40 - ELECTRONIC LOCATION AND ACCESS | |
| Uniform Resource Identifier | <a href="http://www.columbia.edu/cgi-bin/cul/resolve?clio6382223">http://www.columbia.edu/cgi-bin/cul/resolve?clio6382223</a> |
| Public note | Click here for full text. |
| 942 ## - ADDED ENTRY ELEMENTS (KOHA) | |
| Source of classification or shelving scheme | Library of Congress Classification |
| Koha item type | Monograph ( Printed materials) |
| Withdrawn status | Lost status | Source of classification or shelving scheme | Damaged status | Not for loan | Home library | Current library | Date acquired | Total Checkouts | Full call number | Barcode | Date last seen | Date checked out | Price effective from | Koha item type |
|---|---|---|---|---|---|---|---|---|---|---|---|---|---|---|
| Library of Congress Classification | ARRUPE LIBRARY | ARRUPE LIBRARY | 23/10/2013 | 1 | RD120.7 .M86 2001 | 46411521 | 10/09/2019 | 13/10/2015 | 23/10/2013 | Monograph ( Printed materials) |